000 01184cam a2200349 4500
999 _c24107
_d24107
001 vtls012063098
005 20251219143153.0
008 210726s2021 xo gr 010 f slo
020 _a9788055177618
_q(viazané)
040 _aTTKJF
_bslo
_cTTKJF
_dSNK
_erda
041 1 _aslo
_hswe
044 _axo
_cSK
072 7 _a821.11
_xGermánske literatúry
_2konspekt
080 _a821.113.6-31
_22011
080 _a(0:82-312.4)
_22011
100 1 _aSchepp, Emelie,
_d1979-
_4aut
_95378
240 1 0 _aMärkta för livet
_lSlovensky
245 1 0 _aBohovia smrti
_cEmelie Schepp ; preložila Jana Melichárková
264 1 _aBratislava
_bIkar
_c2021
300 _a372 strán
_c21 cm
336 _atext
_btxt
_2rdacontent
337 _abez média
_bn
_2rdamedia
338 _azväzok
_bnc
_2rdacarrier
500 _aObsahuje stručné biografické údaje o autorke na záložke prebalu publikácie
655 7 _ašvédske romány
_2SNKPH
_91715
655 7 _adetektívne romány
_2SNKPH
_91710
655 7 _aSwedish fiction
_2SNKPHeng
_91716
655 7 _aDetective novels
_2SNKPHeng
_91711
700 1 _aMelichárková, Jana
_c(prekladateľka)
_4trl
_92527
958 _aLX
958 _aUP